000 01237nam a2200349 i 4500
001 12279
003 KOSZ 005
005 20220117102116.0
008 071230s1967 pl a f 001 0 pol
015 _aPB 1967/5392
040 _aWA N
_cWA N
_dKOSZ 005/RW
_dKOSZ 005/HR
041 1 _apol
_hrus
046 _k1967
080 _a519.24
245 0 0 _aMetoda Monte Carlo /
_cN. P. Buslenko [et al.] ; [tł. K. Bieńkowska].
246 1 _iTyt. oryg. :
_aMetod statističeskich ispytanij :
_bMetod Monte-Karlo.
260 _aWarszawa :
_bPaństwowe Wydawnictwo Naukowe,
_c1967.
300 _a302, [1] s. :
_bil. ;
_c23 cm.
380 _aKsiążki
388 _a1901-2000
504 _aBibliogr. s. [293]-296. Indeks.
650 4 _aKomputery
650 4 _aMetoda Monte Carlo
650 4 _aStatystyka matematyczna
650 4 _aAnaliza numeryczna
658 _aMatematyka
700 1 _aBuslenko, Nikolaj Pantelejmonovič.
_eAutor
700 1 _aBieńkowska-Lipińska, Krystyna
_eTłumaczenie
710 2 _aPaństwowe Wydawnictwo Naukowe
_4pbl.
856 _uhttp://koha.tu.koszalin.pl/cgi-bin/koha/opac-detail.pl?biblionumber=12279
_yKatalog online BPK
942 _2UKD
_cKS
999 _c12279
_d12279